| 000 | 00947nam a2200301 b 4500 | ||
|---|---|---|---|
| 001 | 01820924 | ||
| 003 | DO-SdBPM | ||
| 005 | 20250606111754.0 | ||
| 007 | 01820924 | ||
| 008 | 021108s2002 sp | || ||spa | ||
| 017 |
_a _b |
||
| 020 | _a844813737X | ||
| 035 | _a | ||
| 040 |
_aDO-SdBPM _bspa _cBPMSU _e |
||
| 082 | 4 |
_a155.5 _bS877r 2002 _222 |
|
| 100 | 1 | _aBender, Paula Stone | |
| 240 | 1 | 0 |
_aHow to keep your teenager from driving you crazy _lespañol |
| 245 | 1 | 3 |
_aLa rebelión de los adolescentes / _cPaula Stone Bender ; traduccióni Julio César Leal Durán _h |
| 260 |
_aMadrid : _bMcGraw-Hill, Interamericana, _c2002 |
||
| 300 |
_aXIV, 223 p. ; _c21 cm |
||
| 490 | 0 | _aActúa | |
| 590 | _aInventariado, 2025/VM | ||
| 650 | 4 | _aPsicología del adolescente | |
| 650 | 4 |
_aJuventud _xAspectos sociales |
|
| 700 | 1 |
_4Leal Durán, Julio César _etraductor |
|
| 910 | _aVMateo V. Control de calidad. BPMSU | ||
| 942 |
_2ddc _cBK |
||
| 999 |
_c10012 _d10012 |
||